Kazı (Record no. 2667)

000 -LEADER
fixed length control field 00480nam a22001817a 4500
008 - FIXED-LENGTH DATA ELEMENTS--GENERAL INFORMATION
fixed length control field 181025b ||||| |||| 00| | eng d
020 ## - INTERNATIONAL STANDARD BOOK NUMBER
International Standard Book Number 9753043473
041 ## - LANGUAGE CODE
Language code of text/sound track or separate title Türkçe
050 ## - LIBRARY OF CONGRESS CALL NUMBER
Classification number PL248.D8685
100 ## - MAIN ENTRY--PERSONAL NAME
9 (RLIN) 1029
Personal name Duru, Orhan
245 ## - TITLE STATEMENT
Title Kazı
250 ## - EDITION STATEMENT
Edition statement 1.Basım
260 ## - PUBLICATION, DISTRIBUTION, ETC.
Place of publication, distribution, etc. İstanbul
Name of publisher, distributor, etc. Dünya Kitapları
Date of publication, distribution, etc. Ekim 2006
300 ## - PHYSICAL DESCRIPTION
Extent 104 Sayfa
500 ## - GENERAL NOTE
General note Dünya Kitapları : 431
Öykü : 15
3 Adet mevcuttur.
650 #0 - SUBJECT ADDED ENTRY--TOPICAL TERM
9 (RLIN) 145
Topical term or geographic name entry element Türk Edebiyatı
942 ## - ADDED ENTRY ELEMENTS (KOHA)
Source of classification or shelving scheme
Koha item type Books
Holdings
Withdrawn status Lost status Source of classification or shelving scheme Damaged status Not for loan Permanent Location Current Location Shelving location Date acquired Barcode Date last seen Price effective from Koha item type Full call number
        Ödünç verilemez İmren Ahmet Tüzün Kütüphanesi İmren Ahmet Tüzün Kütüphanesi Ahmet Tüzün 2018-10-25 100100002628 2018-10-25 2018-10-25 Books  
        Ödünç verilemez İmren Ahmet Tüzün Kütüphanesi İmren Ahmet Tüzün Kütüphanesi İmren Tüzün 2019-09-03 100100004032 2019-09-03 2019-09-03 Books PL248.D8685
        Ödünç verilemez İmren Ahmet Tüzün Kütüphanesi İmren Ahmet Tüzün Kütüphanesi Ahmet Tüzün 2019-09-03 100100004033 2019-09-03 2019-09-03 Books PL248.D8685

This software was implemented, installed and managed by Devinim Software Training Consulting .